Powerless Quotes - Statistics

General Stats
  • This quiz has been taken 388 times
  • The average score is 10 of 15
Answer Stats
Question Answer % Correct
Marry me Pae. I'm already on one knee, but I'll get down on both and beg for you, if you like. Fearless
93%
You were supposed to dodge, Kitt! Fearless
90%
Love each other for me. Fearless
88%
You are to be my bride. Reckless
83%
Just count the stars, Dena. Powerful
81%
Pae, let me force every person in this kingdom to their knees for you Fearless
79%
Promise me you'll stay alive long enough to stab me in the back. Powerless
73%
Impress me, darling. Powerless
71%
See you in the sky. Powerful
70%
Do I haunt your dreams, plague your thoughts, like you do mine? Reckless
62%
Because the beast doesn't get the beauty. Reckless
59%
I am grief. I am sorrow. I am anguish alike. Fearless
46%
I want to call you mine. Powerless
46%
If I am to be her enemy , I want it to be because she loathes herself for wanting me. Powerless
43%
So the least I can do is bury you for her. Reckless
43%
No matching quizzes found
Score Distribution
Percent of People with Each Score
Percentile by Number Answered
Your Score History
You have not taken this quiz